Vplyv medzinárodných organizácii na cenu ropy na príklade OPEC bakalárska práca

Guardado en:
Detalles Bibliográficos
Autor principal: Gajdová, Kristína
Autor Corporativo: Fakulta medzinárodných vzťahov EU. Katedra medzinárodných politických vzťahov
Otros Autores: Grešš, Martin, 1978-
Formato: Libro
Lenguaje:eslovaco
Publicado: Bratislava 2018
Etiquetas: Agregar Etiqueta
Sin Etiquetas, Sea el primero en etiquetar este registro!

MARC

LEADER 00000nbm a2200000 4500
001 0244520
005 20180802074633.1
041 0 |a slo 
044 |a SK 
245 1 0 |a Vplyv medzinárodných organizácii na cenu ropy na príklade OPEC  |b bakalárska práca  |c Kristína Gajdová ; školiteľ: Martin Grešš 
264 1 |a Bratislava  |c 2018 
300 |a 52 s. 
100 1 |a Gajdová, Kristína 
700 1 |a Grešš, Martin, 1978- 
710 2 |a Fakulta medzinárodných vzťahov EU. Katedra medzinárodných politických vzťahov